| 000 | 01123nam a2200265 a 4500 | ||
|---|---|---|---|
| 001 | BRCA_5515 | ||
| 005 | 20190320205119.0 | ||
| 008 | 040211s2010----mx-ab#####---#000-0#spa-# | ||
| 020 | _a9786077764335 | ||
| 041 | _aspa | ||
| 044 | _amx | ||
| 050 | 4 |
_aF1231.5 _b.G84 2010 |
|
| 245 | 1 | 0 |
_aLa guerra de independencia _ben el obispado de Michoacán _cJosé Antonio Serrano Ortega, coordinador. |
| 260 |
_aMéxico _bEl Colegio de Michoacán : Gobierno del Estado de Michoacán, Secretaría de Cultura _c2010 |
||
| 300 |
_a282 p. _bil. (algunas a color), mapas _c29 cm. _e1 CD con ISBN 9786077764359 |
||
| 440 | 0 |
_aColección Imágenes _95905 |
|
| 500 | _aIncluye índice de ilustraciones e índice toponímico | ||
| 500 | _aIncluye piezas de la colección Franz Mayer: p. [10], 28, [32], 108 y 112 | ||
| 500 | _a2do. ejemplar en el Área de Investigación | ||
| 504 | _aBibliografía: p. 241-247 | ||
| 651 | 4 |
_aMéxico _xHistoria _yGuerra de Independencia, 1810-1821 _914088 |
|
| 651 | 4 |
_aMichoacán _xHistoria _yGuerra de Independencia, 1810-1821 _914089 |
|
| 700 | 1 |
_aSerrano Ortega, José Antonio _914090 |
|
| 942 |
_2lcc _cB |
||
| 999 |
_c5209 _d5209 |
||